Score 0/21 Timer 10:00
0 Plays Today
% Correct
Straight Bourbon
88.8%
Straight Bourbon
84.3%
Scotch
84.1%
Straight Bourbon
83.6%
Tennessee Whiskey
81.3%
Tennessee Whiskey
73.4%
Scotch
71.6%
Scotch
70.1%
Scotch
70.1%
Canadian Rye
70.1%
Irish Whiskey
70.1%
% Correct
Straight Bourbon
69.7%
Canadian Rye
64.4%
Irish Whiskey
62.4%
Irish Whiskey
62.4%
American Rye
57.1%
American Rye
57.1%
Irish Whiskey
57.1%
American Rye
51.2%
American Rye
48.1%
American Rye
44.3%
Remove Ads.
Support Sporcle.
Get the best of Sporcle when you Go Orange. This ad-free experience offers more features, more stats, and more fun while also helping to support Sporcle. Thank you for becoming a member.

You're not logged in!

Compare scores with friends on all Sporcle quizzes.
OR
Log In

Show Comments

Extras

Top Quizzes Today


Score Distribution

Your Account Isn't Verified!

In order to create a playlist on Sporcle, you need to verify the email address you used during registration. Go to your Sporcle Settings to finish the process.

Report this User

Report this user for behavior that violates our Community Guidelines.

Details: